The run of his life the people V.O.J Simpson
Shranjeno v:
| Glavni avtor: | |
|---|---|
| Format: | Knjiga |
| Jezik: | angleščina |
| Izdano: |
Nueva York
Simon and Schuster
1997
|
| Serija: | Touchstone Books
|
| Teme: | |
| Oznake: |
Označite
Brez oznak, prvi označite!
|
MARC
| LEADER | 00000nam a2200000 a 4500 | ||
|---|---|---|---|
| 001 | UCP1514 | ||
| 003 | CL-VaPUC | ||
| 008 | 990416e19970000US |||||||||||||||||eng|d | ||
| 082 | 0 | 4 | |a 070.44 |b TOO |2 21 |
| 100 | 0 | |a Toobin, Jeffrey |e author |9 427582 | |
| 245 | 1 | 4 | |a The run of his life the people V.O.J Simpson |
| 300 | |a 482 p | ||
| 942 | |c BK | ||
| 945 | |d 19990416 00:00:00 |a rbrito | ||
| 260 | |a Nueva York |b Simon and Schuster |c 1997 | ||
| 650 | 7 | |a RELATO PERIODISTICO |2 CL-VaPUC |9 425699 | |
| 650 | 0 | |a Periodismo |9 310113 | |
| 650 | 0 | |a Redacción |9 320524 | |
| 583 | |a last modification |c 19990416 00:00:00 |k Rodrigo Vera | ||
| 490 | 0 | |a Touchstone Books | |
| 999 | |c 280184 |d 280182 | ||
| 952 | |0 0 |1 0 |4 0 |6 070_440000000000000_TOO_1997 |7 0 |8 A |9 320375 |a BIBGIM |b BIBGIM |d 2019-11-20 |i 3507580 |o 070.44 TOO 1997 |p 3507580 |r 2025-01-15 |w 2019-11-20 |y BK |k GIM | ||